[Event "Barcelona Sant Marti op 04th"]
[Site "Barcelona"]
[Date "2002.04.27"]
[Round "4.27"]
[White "Montalban Colell, Bernat"]
[Black "Gibert de la Torre, Paul"]
[Result "1-0"]
[WhiteElo "1800"]
[BlackElo "1895"]
[PlyCount "127"]
[EventDate "2002.04.06"]
[EventType "swiss"]
[EventRounds "9"]
[EventCountry "ESP"]
[SourceTitle "EXT 2003"]
[Source "ChessBase"]
[SourceDate "2002.11.25"]
[SourceVersion "1"]
[SourceVersionDate "2002.11.25"]
[SourceQuality "1"]

1. e4 c5 2. Nf3 e6 3. d4 cxd4 4. Nxd4 Nf6 5. Nc3 Bb4 6. Bd3 Nc6 7. Nb3 d5 8. exd5 Nxd5 9. Bd2 0-0 10. 0-0 Be7 11. a3 e5 12. Qe2 Nf6 13. Rad1 Bg4 14. f3 Bh5 15. Be3 Qc7 16. Nb5 Qb8 17. Qf2 e4 18. Be2 a6 19. N5d4 Ne5 20. Nf5 Re8 21. Qg3 Bg6 22. Nxe7+ Rxe7 23. f4 Nc6 24. Qh3 h6 25. Kh1 Qc7 26. g4 Rd7 27. f5 Rxd1 28. Rxd1 Bh7 29. g5 hxg5 30. Bxg5 Qe5 31. Bxf6 Qxf6 32. Bc4 Qxf5 33. Qxf5 Bxf5 34. Rf1 Bg6 35. Nc5 Ne5 36. Bd5 Nf3 37. Nxe4 Bxe4 38. Bxe4 Nd2 39. Bxb7 Rb8 40. Rd1 Rxb7 41. Rxd2 Rxb2 42. Rd8+ Kh7 43. Rc8 Ra2 44. Rc3 f6 45. Kg2 g5 46. Kg3 Kg6 47. Kf3 Kh5 48. Ke4 Ra1 49. Rh3+ Kg4 50. Rg3+ Kh4 51. c4 Re1+ 52. Kd5 f5 53. c5 f4 54. Rc3 Re3 55. Rc4 Kh3 56. c6 Re8 57. c7 Rc8 58. Kc6 f3 59. Kb7 f2 60. Kxc8 f1Q 61. Rc3+ Kg2 62. Kb7 Qf7 63. Kb8 Qf4 64. Ka8 1-0

[Event "Barcelona Sant Marti op 04th"]
[Site "Barcelona"]
[Date "2002.04.13"]
[Round "2.13"]
[White "Gibert de la Torre, Paul"]
[Black "Centeno Ortiz, Antonio"]
[Result "1/2-1/2"]
[WhiteElo "1895"]
[BlackElo "2070"]
[PlyCount "47"]
[EventDate "2002.04.06"]
[EventType "swiss"]
[EventRounds "9"]
[EventCountry "ESP"]
[SourceTitle "EXT 2003"]
[Source "ChessBase"]
[SourceDate "2002.11.25"]
[SourceVersion "1"]
[SourceVersionDate "2002.11.25"]
[SourceQuality "1"]

1. e4 c5 2. Nc3 Nc6 3. g3 g6 4. Bg2 Bg7 5. d3 d6 6. Nge2 e6 7. 0-0 Nge7 8. Be3 0-0 9. Qd2 Nd4 10. f4 Qa5 11. Nxd4 cxd4 12. Nd5 Qd8 13. Nxe7+ Qxe7 14. Bf2 Qc7 15. c3 dxc3 16. bxc3 Bd7 17. Rac1 Rac8 18. d4 Bb5 19. Rfe1 Qa5 20. f5 exf5 21. exf5 Bc4 22. Bh3 Rc7 23. Qf4 gxf5 24. Bxf5 1/2-1/2